logo

Bir Sreshtho Munshi Abdur Rouf Library
Jhenaidah Cadet College

Egyptian wall-paintings from tombs and temples / (Record no. 8168)

MARC details
000 -LEADER
fixed length control field 00815cam a22002771 4500
001 - CONTROL NUMBER
JCCL Control Number 8168
003 - CONTROL NUMBER IDENTIFIER
JCCL marc code BD-JhCC
005 - DATE AND TIME OF LATEST TRANSACTION
control field 20180709115650.0
008 - FIXED-LENGTH DATA ELEMENTS--GENERAL INFORMATION
fixed length control field 781130s1962 enka b 000 0 eng
035 ## - SYSTEM CONTROL NUMBER
system control number (BD-JhCC)8168
035 ## - SYSTEM CONTROL NUMBER
system control number (OCoLC)4409280
040 ## - CATALOGING SOURCE
Original cataloging agency DLC
Transcribing agency FTaSU
Modifying agency FTaSU
-- DLC
-- BD-JhCC
041 ## - LANGUAGE CODE
Language code of Book eng
050 00 - LIBRARY OF CONGRESS CALL NUMBER
Classification number ND2863
Item number .D45
082 ## - DEWEY DECIMAL CLASSIFICATION NUMBER
Author mark and Year DES 1962
Classification number 751.730932
100 1# - MAIN ENTRY--PERSONAL NAME
Personal name Desroches-Noblecourt, Christiane,
Dates associated with a name 1913-2011.
245 10 - TITLE STATEMENT
Title Egyptian wall-paintings from tombs and temples /
Statement of responsibility, etc Christiane Desroches-Noblecourt,
260 ## - PUBLICATION, DISTRIBUTION, ETC. (IMPRINT)
Place of publication, distribution, etc [London] :
Name of publisher, distributor, etc Collins,
Date of publication, distribution, etc [1962].
300 ## - PHYSICAL DESCRIPTION
Pagination 24 p.
Other physical details illus.
Dimensions 17 cm.
490 0# - SERIES STATEMENT
Series statement Fontana UNESCO art books
500 ## - GENERAL NOTE
General note "U2."
504 ## - BIBLIOGRAPHY, ETC. NOTE
Bibliography, etc Includes bibliography.
650 #0 - SUBJECT ADDED ENTRY--TOPICAL TERM
Topical term or geographic name as entry element Mural painting and decoration
Geographic subdivision Egypt.
942 ## - ADDED ENTRY ELEMENTS (KOHA)
Source of classification or shelving scheme Dewey Decimal Classification
Koha item type Books
Holdings
Source of classification or shelving scheme Damaged status Not for loan Home library Current library Shelving location Total Checkouts Full call number Barcode Date last seen Copy number Koha item type
Dewey Decimal Classification     JCC Rouf Library JCC Rouf Library General Stacks   751.730932 DES 1962 10603 02/19/2018 C - 1 Books

JCC Library | Contacts | JCC Home

Last Update on 23 September 2017
Copyright @ 2017-2020 JCC Rouf Library
Rouf Library, Jhenidah Cadet College (JCC), Bangladesh